Geography Quiz

Random Geography or Asia Quiz

Asia by Any 3 Letters Quiz Stats

 Plays Quiz Updated Aug 7, 2018

Support Sporcle.
Go Orange.
Score 0/49 Timer 03:00
8 Plays Today
Country % Correct
Indonesia
96.8%
India
96.3%
China
95.4%
Pakistan
93.5%
Turkmenistan
93.5%
Japan
93.4%
Afghanistan
92.2%
United Arab Emirates
91.3%
Russia
91.2%
Kazakhstan
91%
South Korea
89.5%
North Korea
89.4%
Uzbekistan
88.9%
Malaysia
88.5%
Iran
87.6%
Iraq
87.3%
Kyrgyzstan
87.2%
Tajikistan
86.9%
Thailand
84.8%
Nepal
83.9%
Vietnam
83.3%
Mongolia
83.2%
Saudi Arabia
81.3%
Israel
81.2%
Lebanon
79.6%
Country % Correct
Cambodia
79.2%
Laos
79%
Turkey
78.9%
Bhutan
78.6%
Maldives
77.3%
Philippines
76.2%
Oman
76.1%
Yemen
75.8%
Sri Lanka
74.5%
Jordan
72.9%
Syria
72.7%
Singapore
70.3%
Armenia
70.1%
Bangladesh
70%
Taiwan
69.4%
Palestine
69.2%
Georgia
67.7%
Qatar
65.9%
Myanmar
65.6%
Kuwait
63.9%
Azerbaijan
62.2%
Bahrain
58.1%
Brunei
55%
Timor-Leste
52.3%

You're not logged in!

Compare scores with friends on all Sporcle quizzes.
OR
Log In
Forgot?

From the Vault

First Word Anime Shows

by lolshortee

Nothing personal, kid.
Remove Ads.
Support Sporcle.
Get the best of Sporcle when you Go Orange. This ad-free experience offers more features, more stats, and more fun while also helping to support Sporcle. Thank you for becoming a member.

Show Comments

Extras

Top Quizzes Today


Score Distribution

Your Account Isn't Verified!

In order to create a playlist on Sporcle, you need to verify the email address you used during registration. Go to your Sporcle Settings to finish the process.

Report this User

Report this user for behavior that violates our Community Guidelines.

Details: